[Event "13th 4NCL Congress"]
[Site "Wakefield"]
[Date "2017.04.08"]
[Round "2"]
[Board "15"]
[White "James, Chris"]
[Black "Jaunooby, Ali Reza"]
[Result "1/2-1/2"]
[WhiteElo "1879"]
[BlackElo "2189"]
[PlyCount "96"]
[EventDate "2017.04.07"]
[EventRounds "5"]
[EventCountry "ENG"]

1. Nf3 c5 2. e4 d6 3. c3 a6 4. Bd3 Nc6 5. Bc2 Bg4 6. d3 Nf6 7. Be3 e5 8. Nbd2
h6 9. h3 Bh5 10. O-O d5 11. exd5 Nxd5 12. Re1 Be7 13. g4 Bg6 14. d4 cxd4 15.
cxd4 Nxe3 16. fxe3 O-O 17. Bxg6 fxg6 18. Qb3+ Kh7 19. Qxb7 Rc8 20. Rac1 Rc7 21.
Qb6 e4 22. Rxc6 exf3 23. Rf1 Rxc6 24. Qxc6 Qb8 25. Rxf3 Rxf3 26. Qxf3 Qxb2 27.
Ne4 Qxa2 28. d5 Qa1+ 29. Kg2 Qe5 30. Nf2 Bc5 31. e4 Qd4 32. e5 a5 33. h4 Qxe5
34. Nd3 Qd4 35. Nxc5 Qxc5 36. Qd3 Qd6 37. Qe4 Qa6 38. h5 Qf6 39. Kg3 Qd6+ 40.
Kg2 a4 41. hxg6+ Qxg6 42. Qxa4 h5 43. Qd4 Qc2+ 44. Qf2 Qe4+ 45. Qf3 Qc2+ 46.
Qf2 Qe4+ 47. Qf3 Qxf3+ 48. Kxf3 hxg4+ 1/2-1/2

[Event "13th 4NCL Congress"]
[Site "Wakefield"]
[Date "2017.04.08"]
[Round "2"]
[Board "16"]
[White "Prior, Stephen Cv"]
[Black "Webster, Richard J"]
[Result "1-0"]
[WhiteElo "2066"]
[BlackElo "1939"]
[PlyCount "53"]
[EventDate "2017.04.07"]
[EventRounds "5"]
[EventCountry "ENG"]

1. d4 e6 2. Bf4 Nf6 3. e3 c5 4. c3 Nc6 5. Nd2 d5 6. Bd3 cxd4 7. exd4 Bd6 8.
Bxd6 Qxd6 9. Ngf3 O-O 10. O-O Ne7 11. Re1 b5 12. b4 Bd7 13. Nb3 Rfc8 14. Nc5
Be8 15. Qe2 a6 16. Ne5 Ng6 17. g3 Nd7 18. f4 Ndf8 19. h4 Nxf4 20. gxf4 f6 21.
Nf3 Qxf4 22. Kf2 Rc6 23. Qe3 Qc7 24. Rg1 Bh5 25. Rg3 Re8 26. Rag1 g6 27. Qh6
 1-0

[Event "13th 4NCL Congress"]
[Site "Wakefield"]
[Date "2017.04.08"]
[Round "2"]
[Board "17"]
[White "Bimpson, Tom"]
[Black "Wynarczyk, Raymond"]
[Result "1/2-1/2"]
[WhiteElo "2060"]
[BlackElo "1932"]
[PlyCount "72"]
[EventDate "2017.04.07"]
[EventRounds "5"]
[EventCountry "ENG"]

1. d4 d5 2. Bf4 Nf6 3. e3 e6 4. c3 Be7 5. Nd2 Nbd7 6. h3 O-O 7. Bd3 Re8 8. g4
Nf8 9. Ngf3 Ng6 10. Bg3 Bd6 11. Ne5 Nd7 12. f4 c5 13. h4 cxd4 14. cxd4 Ndxe5
15. fxe5 Bb4 16. Kf2 f6 17. h5 Nf8 18. Nf3 fxe5 19. Nxe5 Bd6 20. Kg2 Bxe5 21.
Bxe5 Nd7 22. Bb5 Qb6 23. Qe2 a6 24. Bxd7 Bxd7 25. h6 g6 26. g5 Bb5 27. Qf2 Rf8
28. Bf6 Bd3 29. Rhc1 Rac8 30. b3 Rc6 31. Rxc6 Qxc6 32. Rd1 Qc2 33. Qxc2 Bxc2
34. Rc1 Rc8 35. Kf2 Rc6 36. Be5 Kf7 1/2-1/2

[Event "13th 4NCL Congress"]
[Site "Wakefield"]
[Date "2017.04.08"]
[Round "2"]
[Board "18"]
[White "Savage, Nicholas W"]
[Black "Johnson, Paul A"]
[Result "1-0"]
[WhiteElo "2026"]
[BlackElo "1871"]
[PlyCount "125"]
[EventDate "2017.04.07"]
[EventRounds "5"]
[EventCountry "ENG"]

1. c4 e5 2. Nc3 Nf6 3. g3 Nc6 4. Bg2 Bb4 5. Nf3 O-O 6. O-O Bxc3 7. bxc3 d6 8.
Rb1 Rb8 9. Ne1 Bd7 10. Nc2 Re8 11. Ne3 Qc8 12. Nd5 Nxd5 13. cxd5 Ne7 14. d4 f6
15. dxe5 fxe5 16. e4 Bh3 17. Be3 b6 18. Qd3 Bxg2 19. Kxg2 Ng6 20. Qe2 a5 21. h3
Qd7 22. Qb5 Qxb5 23. Rxb5 Re7 24. Kf3 Rf7+ 25. Ke2 Kf8 26. c4 Ra8 27. Rd1 Ke8
28. Bd2 Nf8 29. f4 Nd7 30. f5 Nc5 31. Kf3 g6 32. g4 Kd7 33. Be3 Rh8 34. Bxc5
dxc5 35. Rbb1 Kd6 36. Kg3 g5 37. Rh1 h6 38. Rh2 Rhf8 39. h4 Rf6 40. hxg5 hxg5
41. Rh5 Rg8 42. Rh7 Rff8 43. Rbh1 Rf6 44. R1h6 Rxh6 45. Rxh6+ Kd7 46. a4 Rg7
47. Re6 Rh7 48. Rg6 Rh1 49. Rxg5 Rc1 50. f6 Rxc4 51. f7 Ke7 52. Rf5 Kf8 53. g5
Rc1 54. Kg2 Rc2+ 55. Kf3 Rh2 56. g6 Rh8 57. Rxe5 Kg7 58. Re8 Rf8 59. Kf4 b5 60.
axb5 a4 61. Kf5 a3 62. Rxf8 Kxf8 63. Kf6 1-0

[Event "13th 4NCL Congress"]
[Site "Wakefield"]
[Date "2017.04.08"]
[Round "3"]
[Board "1"]
[White "Sowray, Peter J"]
[Black "Stewart, Ashley"]
[Result "1-0"]
[WhiteElo "2305"]
[BlackElo "2099"]
[PlyCount "95"]
[EventDate "2017.04.07"]
[EventRounds "5"]
[EventCountry "ENG"]

1. d4 Nf6 2. c4 g6 3. Nc3 Bg7 4. e4 d6 5. f3 O-O 6. Be3 c5 7. Nge2 Nc6 8. d5
Ne5 9. Ng3 h5 10. Be2 h4 11. Nf1 e6 12. Nd2 exd5 13. cxd5 h3 14. g3 b5 15. Bxb5
Rb8 16. Rb1 Bd7 17. Be2 Qa5 18. O-O Rb7 19. Qc2 Rfb8 20. Rfc1 Ne8 21. b3 Nc7
22. a4 Na6 23. Nc4 Nxc4 24. Bxc4 Nb4 25. Qd2 a6 26. Ne2 Qd8 27. Rf1 Qe7 28.
Rbe1 Re8 29. g4 Qh4 30. Ng3 Bc8 31. Kh1 Qh8 32. Qf2 Rbe7 33. g5 Rc7 34. f4 Bg4
35. e5 Bf8 36. Ne4 Bg7 37. Nxd6 Rb8 38. Bxc5 Qh5 39. Ne4 a5 40. d6 Rc6 41. Bxb4
Rxb4 42. Ng3 Qh8 43. Qd4 Kh7 44. f5 gxf5 45. Nxf5 Qa8 46. Qe4 Bh5 47. Ne7+ Bg6
48. Qh4+ 1-0

[Event "13th 4NCL Congress"]
[Site "Wakefield"]
[Date "2017.04.08"]
[Round "3"]
[Board "2"]
[White "Dong, Bao Nghia"]
[Black "Murphy, Conor E"]
[Result "1/2-1/2"]
[WhiteElo "2103"]
[BlackElo "2077"]
[PlyCount "118"]
[EventDate "2017.04.07"]
[EventRounds "5"]
[EventCountry "ENG"]

1. d4 d5 2. c4 e6 3. Nc3 c6 4. e4 Bb4 5. cxd5 exd5 6. exd5 Qxd5 7. Nf3 Bg4 8.
Be2 Bxf3 9. Bxf3 Qc4 10. Qd2 Nf6 11. Qe3+ Qe6 12. O-O O-O 13. Qxe6 fxe6 14. Re1
Kf7 15. a3 Be7 16. Ne4 Nxe4 17. Rxe4 Bf6 18. Bg4 Re8 19. Bf4 Nd7 20. Rae1 Nf8
21. Be5 Bxe5 22. dxe5 Red8 23. f4 Rd2 24. b4 Ra2 25. R4e3 Rd8 26. f5 Rdd2 27.
Rg3 exf5 28. Bxf5 g6 29. Bc8 b6 30. h4 Ne6 31. Rf1+ Ke8 32. h5 Nd4 33. Kh2 Rf2
34. Rxf2 Rxf2 35. hxg6 hxg6 36. Rxg6 Nf3+ 37. Kh3 Nxe5 38. Re6+ Kd8 39. Rxe5
Kxc8 40. Re7 c5 41. bxc5 bxc5 42. Rxa7 c4 43. Ra4 Rf4 44. Rb4 Kd7 45. a4 Ke7
46. a5 Rf5 47. Rxc4 Rxa5 48. Rf4 Ra8 49. Kg4 Rg8+ 50. Kf3 Ra8 51. g3 Rg8 52.
Rf5 Ke6 53. Rf4 Rg5 54. g4 Rg6 55. Re4+ Kf7 56. Kf4 Ra6 57. Kg5 Kg7 58. Re7+
Kg8 59. Rb7 Rc6 1/2-1/2

[Event "13th 4NCL Congress"]
[Site "Wakefield"]
[Date "2017.04.08"]
[Round "3"]
[Board "3"]
[White "Mason, Donald J"]
[Black "Nicholson, Jim Wr"]
[Result "1/2-1/2"]
[WhiteElo "2150"]
[BlackElo "2011"]
[PlyCount "31"]
[EventDate "2017.04.07"]
[EventRounds "5"]
[EventCountry "ENG"]

1. d4 d5 2. c4 c6 3. Nc3 Nf6 4. Nf3 dxc4 5. e4 b5 6. e5 Nd5 7. a4 Nxc3 8. bxc3
e6 9. Ng5 h6 10. Ne4 Bb7 11. Qg4 Nd7 12. Be2 a5 13. O-O Nb6 14. f4 Qd7 15. Qh3
Nd5 16. Bd2 1/2-1/2

[Event "13th 4NCL Congress"]
[Site "Wakefield"]
[Date "2017.04.08"]
[Round "3"]
[Board "4"]
[White "Willow, Jonah B"]
[Black "Jarmany, John"]
[Result "1-0"]
[WhiteElo "1993"]
[BlackElo "2144"]
[PlyCount "71"]
[EventDate "2017.04.07"]
[EventRounds "5"]
[EventCountry "ENG"]

1. e4 e5 2. Nf3 Nc6 3. Nc3 Nf6 4. Bb5 Nd4 5. Bc4 Bc5 6. Nxe5 Qe7 7. Nf3 d5 8.
Bxd5 Nxd5 9. Nxd4 Nf4 10. Qf3 g5 11. Nde2 Be6 12. d4 Nxe2 13. Nxe2 Bb6 14. d5
Bd7 15. Bd2 O-O-O 16. Bc3 Rhg8 17. Bf6 Qb4+ 18. Qc3 Qa4 19. b3 Qxe4 20. Bxd8
Bb5 21. O-O Bxe2 22. Bxc7 Bd4 23. Qa5 Bxa1 24. Rxa1 Re8 25. Qc5 Kd7 26. Qd6+
Kc8 27. Bb8 Qxc2 28. Bxa7 Bd1 29. Qb8+ Kd7 30. Qxb7+ Kd6 31. Qb4+ Kd7 32. Qb5+
Ke7 33. Bc5+ Kd8 34. Qb8+ Kd7 35. Qb7+ Kd8 36. Bb6+ 1-0

[Event "13th 4NCL Congress"]
[Site "Wakefield"]
[Date "2017.04.08"]
[Round "3"]
[Board "5"]
[White "Modi, Kishan J"]
[Black "Starley, Robert"]
[Result "1-0"]
[WhiteElo "1640"]
[BlackElo "2088"]
[PlyCount "131"]
[EventDate "2017.04.07"]
[EventRounds "5"]
[EventCountry "ENG"]

1. e4 e5 2. Nf3 Nc6 3. d4 exd4 4. Bc4 Nf6 5. e5 d5 6. Bb5 Ne4 7. Nxd4 Bd7 8.
Bxc6 bxc6 9. O-O Bc5 10. f3 Ng5 11. f4 Ne4 12. Be3 Bb6 13. Nd2 Nxd2 14. Qxd2 c5
15. Nf3 d4 16. Bf2 Bc6 17. Bh4 Qd5 18. a4 c4 19. Kh1 O-O 20. f5 Qe4 21. f6 Rfe8
22. fxg7 Qe3 23. a5 Bxf3 24. Qxe3 dxe3 25. axb6 Be4 26. Rxa7 Rxa7 27. bxa7 Rxe5
28. Ra1 Ba8 29. h3 Kxg7 30. Rd1 Ra5 31. Re1 Rh5 32. Rxe3 Rxh4 33. Re8 Rxh3+ 34.
Kg1 Rh5 35. Rxa8 Ra5 36. Kf2 Kf6 37. Ke3 Ke7 38. Kd4 Kd7 39. Kxc4 Kc6 40. Rf8
Rxa7 41. Rxf7 Ra5 42. Rxh7 Rg5 43. Rh6+ Kb7 44. Rh2 Ka6 45. b4 Rg4+ 46. Kb3 Kb5
47. c4+ Rxc4 48. Rh5+ c5 49. Rxc5+ Rxc5 50. bxc5 Kxc5 51. Kc3 Kd5 52. Kd3 Ke5
53. Ke3 Kf5 54. Kf3 Kg5 55. Kg3 Kh5 56. Kf4 Kg6 57. Kg4 Kh6 58. Kf5 Kg7 59. Kg5
Kh7 60. Kf6 Kh6 61. g4 Kh7 62. g5 Kg8 63. Kg6 Kh8 64. Kf7 Kh7 65. g6+ Kh8 66.
g7+ 1-0

[Event "13th 4NCL Congress"]
[Site "Wakefield"]
[Date "2017.04.08"]
[Round "3"]
[Board "6"]
[White "Jones, Steven A"]
[Black "Moore, Gerald"]
[Result "1-0"]
[WhiteElo "2167"]
[BlackElo "2057"]
[PlyCount "79"]
[EventDate "2017.04.07"]
[EventRounds "5"]
[EventCountry "ENG"]

1. e4 c5 2. Nf3 d6 3. d4 cxd4 4. Nxd4 Nf6 5. Nc3 e6 6. Be3 Be7 7. f4 O-O 8. Qf3
e5 9. Nf5 Bxf5 10. exf5 e4 11. Qh3 d5 12. O-O-O Nc6 13. g4 d4 14. Bb5 Qa5 15.
Bxd4 Nxd4 16. Rxd4 Bb4 17. g5 Bxc3 18. Qxc3 Qxb5 19. gxf6 Qxf5 20. Qe3 Rfe8 21.
fxg7 Qe6 22. Kb1 f5 23. Rhd1 Re7 24. Rd6 Qf7 25. R6d5 Rae8 26. Kc1 b6 27. Qb3
e3 28. Rxf5 Qxb3 29. axb3 Kxg7 30. Rg1+ Kh8 31. c3 e2 32. Re1 Re4 33. b4 Kg7
34. Re5 R8xe5 35. fxe5 Kg6 36. Kd2 b5 37. Rxe2 Rxe2+ 38. Kxe2 Kf5 39. Kd3 Kxe5
40. b3 1-0

[Event "13th 4NCL Congress"]
[Site "Wakefield"]
[Date "2017.04.08"]
[Round "3"]
[Board "7"]
[White "Vickery, Jim E"]
[Black "Spence, David J"]
[Result "1/2-1/2"]
[WhiteElo "1963"]
[BlackElo "2165"]
[PlyCount "79"]
[EventDate "2017.04.07"]
[EventRounds "5"]
[EventCountry "ENG"]

1. d4 e6 2. Nf3 Nf6 3. g3 b5 4. Bg2 Bb7 5. O-O c5 6. c3 cxd4 7. cxd4 Be7 8. a3
O-O 9. Nc3 a6 10. Bg5 Ne4 11. Nxe4 Bxe4 12. Bxe7 Qxe7 13. Ne5 Bxg2 14. Kxg2 d6
15. Nd3 Qb7+ 16. Kg1 Nc6 17. e3 Na5 18. b4 Nc4 19. a4 Rac8 20. a5 Qe4 21. Re1
Rc7 22. f3 Qd5 23. Qe2 Rfc8 24. Red1 h6 25. Qf2 Qg5 26. Re1 e5 27. f4 Qg6 28.
f5 Qf6 29. g4 Qg5 30. h3 exd4 31. exd4 Qd2 32. Red1 Qxf2+ 33. Kxf2 Nb2 34. Nxb2
Rc2+ 35. Kf3 Rxb2 36. Rab1 Rbc2 37. Ke4 Kf8 38. Kd5 Ke7 39. Re1+ Kf6 40. Rb3
 1/2-1/2

[Event "13th 4NCL Congress"]
[Site "Wakefield"]
[Date "2017.04.08"]
[Round "3"]
[Board "8"]
[White "Shaw, Peter"]
[Black "Patrick, David A"]
[Result "1-0"]
[WhiteElo "2086"]
[BlackElo "1883"]
[PlyCount "91"]
[EventDate "2017.04.07"]
[EventRounds "5"]
[EventCountry "ENG"]

1. d4 d5 2. Bf4 c6 3. e3 Qb6 4. Qc1 Bf5 5. Nf3 h6 6. Bd3 Bxd3 7. cxd3 Nf6 8.
Nc3 e6 9. O-O Nbd7 10. e4 g5 11. Be3 Qa6 12. Qc2 Be7 13. a3 Nh5 14. b4 g4 15.
Ne5 Nxe5 16. dxe5 Bg5 17. g3 Bxe3 18. fxe3 d4 19. exd4 Rd8 20. Qf2 Rd7 21. Qe3
Qb6 22. Ne2 Qd8 23. a4 Qg5 24. Qxg5 hxg5 25. b5 Ke7 26. bxc6 bxc6 27. Rfc1 f5
28. exf6+ Nxf6 29. Rxc6 Rb8 30. Rac1 Ne8 31. Kf2 Rb4 32. R6c4 Rb2 33. Ke3 Rdb7
34. R1c2 Rb1 35. Rc5 Kf6 36. d5 Rf1 37. Rc6 Rf3+ 38. Kd2 Rb3 39. Rxe6+ Kf7 40.
Nc1 Ra3 41. Ra6 Rf2+ 42. Ne2 Rxh2 43. Rxa7+ Kf8 44. e5 Rf2 45. d6 Rf3 46. Nc1
 1-0

[Event "13th 4NCL Congress"]
[Site "Wakefield"]
[Date "2017.04.08"]
[Round "3"]
[Board "9"]
[White "Gardiner, Eric D"]
[Black "Burnett, Jim"]
[Result "0-1"]
[WhiteElo "1941"]
[BlackElo "2083"]
[PlyCount "108"]
[EventDate "2017.04.07"]
[EventRounds "5"]
[EventCountry "ENG"]

1. d4 d5 2. c4 e6 3. Nc3 c6 4. cxd5 exd5 5. Bf4 Bf5 6. e3 Qb6 7. Qd2 Nf6 8. f3
Be7 9. g4 Bg6 10. h4 h5 11. g5 Nfd7 12. O-O-O Qa5 13. Bd3 Bxd3 14. Qxd3 g6 15.
Kb1 Na6 16. e4 O-O 17. Nge2 Nb6 18. Nc1 Nc4 19. Nb3 Qd8 20. Bc1 Nc7 21. f4 Nd6
22. Qf3 dxe4 23. Nxe4 Nf5 24. Ng3 Qc8 25. Ka1 Nd5 26. Ne4 a5 27. Nc3 Rd8 28.
Nxd5 Rxd5 29. Be3 Qd7 30. Bf2 Rd8 31. Rhe1 c5 32. Nxa5 cxd4 33. Nc4 Qb5 34. Qb3
Qxb3 35. axb3 f6 36. Re6 Kf7 37. Rb6 R8d7 38. Re1 Bd8 39. Rbe6 Ng7 40. R6e4 b5
41. Nd2 Ba5 42. Rd1 Bxd2 43. Rxd2 Ne6 44. b4 f5 45. Re5 Nxf4 46. Rxd5 Rxd5 47.
Rxd4 Rxd4 48. Bxd4 Ke6 49. Ka2 Kd5 50. Ba7 Kc4 51. Ka3 Nd3 52. b3+ Kc3 53. Bb8
f4 54. Bxf4 Nxf4 0-1

[Event "13th 4NCL Congress"]
[Site "Wakefield"]
[Date "2017.04.08"]
[Round "3"]
[Board "10"]
[White "Prior, Stephen Cv"]
[Black "Slinger, Aj (tony)"]
[Result "1-0"]
[WhiteElo "2066"]
[BlackElo "1910"]
[PlyCount "95"]
[EventDate "2017.04.07"]
[EventRounds "5"]
[EventCountry "ENG"]

1. d4 Nf6 2. Bf4 d6 3. e3 g6 4. Nf3 Bg7 5. Be2 c6 6. O-O O-O 7. h3 Nbd7 8. c4
a6 9. a4 b6 10. Nc3 Bb7 11. Qc2 Re8 12. Rfd1 Qc7 13. a5 b5 14. c5 Rad8 15. cxd6
exd6 16. b4 Nf8 17. Rac1 Qe7 18. d5 cxd5 19. Bg5 d4 20. Nxd4 d5 21. Qb3 Ne6 22.
Bh4 h6 23. Nxe6 fxe6 24. Bf3 Kh8 25. Ne2 g5 26. Bg3 Rc8 27. Be5 Rc4 28. Qb1
Rec8 29. Rd4 Nd7 30. Bxg7+ Kxg7 31. Rdxc4 Rxc4 32. Rxc4 bxc4 33. Ng3 Nf8 34.
Qb2+ Kg8 35. Qe5 Qxb4 36. Nh5 Kf7 37. Qg7+ Ke8 38. Qc7 Nd7 39. Ng7+ Ke7 40.
Nxe6 Kxe6 41. Bg4+ Kf6 42. Bxd7 c3 43. Qd8+ Kg7 44. Bg4 Qb1+ 45. Kh2 c2 46.
Qe7+ Kg6 47. Bh5+ Kf5 48. g4# 1-0

[Event "13th 4NCL Congress"]
[Site "Wakefield"]
[Date "2017.04.08"]
[Round "3"]
[Board "11"]
[White "Price, Gwilym T"]
[Black "Savage, Nicholas W"]
[Result "1/2-1/2"]
[WhiteElo "1758"]
[BlackElo "2026"]
[PlyCount "28"]
[EventDate "2017.04.07"]
[EventRounds "5"]
[EventCountry "ENG"]

1. e4 e5 2. Nc3 Nf6 3. Bc4 Nxe4 4. Qh5 Nd6 5. Qxe5+ Qe7 6. Qxe7+ Bxe7 7. Bb3 c6
8. d4 Nf5 9. Nf3 d5 10. Bf4 O-O 11. O-O Be6 12. Rad1 h6 13. h3 Nd7 14. Ne2 Rfe8
 1/2-1/2

[Event "13th 4NCL Congress"]
[Site "Wakefield"]
[Date "2017.04.08"]
[Round "3"]
[Board "12"]
[White "Wells, Jonathan C"]
[Black "Simpson, Derek"]
[Result "1-0"]
[WhiteElo "2018"]
[BlackElo "1621"]
[PlyCount "107"]
[EventDate "2017.04.07"]
[EventRounds "5"]
[EventCountry "ENG"]

1. d4 e6 2. e4 d5 3. Nd2 dxe4 4. Nxe4 Nd7 5. Nf3 Ngf6 6. Bd3 Nxe4 7. Bxe4 Nf6
8. Bd3 c5 9. O-O cxd4 10. Nxd4 Bc5 11. Nb3 Be7 12. Bf4 b6 13. Qf3 Qd5 14. Bb5+
Bd7 15. Bxd7+ Nxd7 16. Qxd5 exd5 17. Rfe1 Nf8 18. Nd4 Kd7 19. Rad1 Bf6 20. Be5
Ng6 21. Bxf6 gxf6 22. Nf5 Rae8 23. Rxd5+ Kc6 24. Rd6+ Kc7 25. Red1 Rd8 26. Kf1
Ne5 27. b3 Rxd6 28. Rxd6 Nd7 29. Rd2 Rg8 30. Nd6 Ne5 31. h3 a6 32. f4 Ng6 33.
g3 Ne7 34. Kf2 Rd8 35. Ne4 Rxd2+ 36. Nxd2 Kd6 37. Ne4+ Ke6 38. c4 h6 39. Nc3
Kd6 40. g4 f5 41. g5 hxg5 42. fxg5 Ke5 43. h4 Kd4 44. Nd5 Ng6 45. h5 Nh8 46.
Nxb6 Ke5 47. c5 Ke6 48. b4 Ke7 49. Kf3 Kd8 50. Kf4 Ng6+ 51. hxg6 fxg6 52. Ke5
Kc7 53. Nd5+ Kd7 54. Nf4 1-0

[Event "13th 4NCL Congress"]
[Site "Wakefield"]
[Date "2017.04.08"]
[Round "3"]
[Board "13"]
[White "Bielby, Paul R"]
[Black "Towers, Brian"]
[Result "1/2-1/2"]
[WhiteElo "1939"]
[BlackElo "1783"]
[PlyCount "83"]
[EventDate "2017.04.07"]
[EventRounds "5"]
[EventCountry "ENG"]

1. e4 d6 2. d4 Nf6 3. Nc3 Nbd7 4. Be3 e5 5. Nf3 Be7 6. h3 c6 7. Be2 Qc7 8. Qd2
b5 9. d5 b4 10. dxc6 bxc3 11. cxd7+ Bxd7 12. Qxc3 Qxc3+ 13. bxc3 Nxe4 14. c4
Bf6 15. Rb1 Bc6 16. O-O Nc3 17. Rbe1 Nxe2+ 18. Rxe2 O-O 19. Rd1 Bxf3 20. gxf3
Be7 21. Rd5 Rfc8 22. c5 dxc5 23. Rxe5 Kf8 24. c4 Rc6 25. Rd2 Rac8 26. Red5 f6
27. f4 g6 28. f5 Ke8 29. Kg2 Rd8 30. Kf3 Rxd5 31. Rxd5 Ra6 32. Rd2 Ra4 33. Rc2
Kd7 34. Ke4 Kc6 35. h4 Bd6 36. fxg6 hxg6 37. Kd3 Ra3+ 38. Ke2 f5 39. f3 Be5 40.
Bc1 Rc3 41. Rxc3 Bxc3 42. Bf4 1/2-1/2

[Event "13th 4NCL Congress"]
[Site "Wakefield"]
[Date "2017.04.08"]
[Round "3"]
[Board "14"]
[White "Jaunooby, Ali Reza"]
[Black "Hilton, Tim"]
[Result "1-0"]
[WhiteElo "2189"]
[BlackElo "1816"]
[PlyCount "91"]
[EventDate "2017.04.07"]
[EventRounds "5"]
[EventCountry "ENG"]

1. d4 e6 2. c4 Nf6 3. Nf3 Bb4+ 4. Bd2 Qe7 5. Qc2 Nc6 6. Nc3 d6 7. d5 Bxc3 8.
Bxc3 Nb8 9. O-O-O e5 10. h3 a5 11. g4 Na6 12. g5 Nd7 13. Kb1 b6 14. h4 Ndc5 15.
a3 a4 16. Nd2 Bd7 17. f4 f6 18. e3 O-O-O 19. Bh3 Bxh3 20. Rxh3 Qd7 21. Rg3 b5
22. Rdg1 bxc4 23. Nxc4 Qb5 24. Na5 Qd3 25. gxf6 gxf6 26. Nc6 Rde8 27. Rg7 exf4
28. exf4 Qxc2+ 29. Kxc2 Re2+ 30. Kb1 Ne4 31. Ba5 h5 32. Rc1 Nec5 33. Nb4 Rhe8
34. Nxa6 Nxa6 35. Bxc7 Nxc7 36. Rcxc7+ Kb8 37. Rb7+ Kc8 38. Rgc7+ Kd8 39. Rf7
Kc8 40. Ra7 Kb8 41. Rxa4 Rh2 42. Rxf6 Rxh4 43. Rxd6 Rh1+ 44. Ka2 h4 45. Rb6+
Kc7 46. Rc6+ 1-0

[Event "13th 4NCL Congress"]
[Site "Wakefield"]
[Date "2017.04.08"]
[Round "3"]
[Board "15"]
[White "Modi, Shyam Jagdish"]
[Black "Bimpson, Tom"]
[Result "1-0"]
[WhiteElo "1934"]
[BlackElo "2060"]
[PlyCount "87"]
[EventDate "2017.04.07"]
[EventRounds "5"]
[EventCountry "ENG"]

1. d4 d6 2. Nf3 Bg4 3. c4 Nd7 4. Nc3 Bxf3 5. exf3 g6 6. Be3 Bg7 7. Bd3 Ngf6 8.
Qd2 c6 9. g4 e5 10. O-O-O O-O 11. d5 Nb6 12. dxc6 bxc6 13. c5 Nbd5 14. cxd6
Nxe3 15. fxe3 Qxd6 16. Ne4 Qc7 17. Nxf6+ Bxf6 18. Be4 Be7 19. Qd7 Rac8 20. Qxc7
Rxc7 21. Rhe1 Bc5 22. Kb1 Bb6 23. h4 Kg7 24. Rd6 Rfc8 25. h5 Bc5 26. Rd3 Be7
27. f4 exf4 28. exf4 c5 29. Rh1 c4 30. Rdh3 g5 31. h6+ Kh8 32. f5 Bf6 33. Kc2
Re8 34. Bf3 Rb8 35. Rb1 Re7 36. Bd1 Re1 37. Rh2 c3 38. b3 Rbe8 39. Bf3 R8e3 40.
Bd1 Bd8 41. b4 Bc7 42. Rg2 Bd6 43. Rb3 Be5 44. Re2 {time} 1-0

[Event "13th 4NCL Congress"]
[Site "Wakefield"]
[Date "2017.04.08"]
[Round "3"]
[Board "16"]
[White "Wynarczyk, Raymond"]
[Black "Adams, Mark A"]
[Result "1-0"]
[WhiteElo "1932"]
[BlackElo "1977"]
[PlyCount "127"]
[EventDate "2017.04.07"]
[EventRounds "5"]
[EventCountry "ENG"]

1. e4 c5 2. Nf3 a6 3. c4 e6 4. Nc3 Nc6 5. d4 cxd4 6. Nxd4 Nf6 7. Bg5 Be7 8.
Nxc6 bxc6 9. e5 Ng8 10. Bxe7 Nxe7 11. Bd3 Rb8 12. Rb1 Qa5 13. Qe2 Ng6 14. Bxg6
hxg6 15. O-O Bb7 16. b4 Qd8 17. g3 c5 18. bxc5 O-O 19. Ne4 Qa5 20. Qd2 Qxd2 21.
Nxd2 Bc6 22. Rb6 a5 23. Nb3 a4 24. Nd4 Be4 25. Rc1 Rbc8 26. f3 Ba8 27. Rb5 f6
28. f4 fxe5 29. fxe5 Rc7 30. Ra5 Rfc8 31. Rb1 Be4 32. Rbb5 Bd3 33. Rxa4 Rxc5
34. Rxc5 Rxc5 35. Ra3 Bb1 36. Nf3 Rxc4 37. Ra7 Rc1+ 38. Kf2 Rc2+ 39. Ke3 Rxa2
40. Rxd7 Ra8 41. Re7 Bf5 42. Nh4 Ra4 43. Nf3 Kf8 44. Rd7 Ra3+ 45. Kf4 Ra4+ 46.
Rd4 Rxd4+ 47. Nxd4 Bh3 48. Nf3 Bg2 49. Nh4 Bf1 50. Nxg6+ Kf7 51. Nh4 Bc4 52. g4
Ba2 53. Nf3 Kg8 54. Ng5 Kf8 55. h4 g6 56. Ne4 Kg7 57. Kg5 Bb3 58. Nc5 Ba2 59.
Nd3 Kf7 60. Nf4 Bb1 61. Kh6 Bc2 62. g5 Bf5 63. h5 gxh5 64. g6+ 1-0

[Event "13th 4NCL Congress"]
[Site "Wakefield"]
[Date "2017.04.08"]
[Round "3"]
[Board "17"]
[White "Sheppard, Derek A"]
[Black "Jaszkiwskyj, Peter"]
[Result "1/2-1/2"]
[WhiteElo "1831"]
[BlackElo "1976"]
[PlyCount "95"]
[EventDate "2017.04.07"]
[EventRounds "5"]
[EventCountry "ENG"]

1. d4 Nf6 2. Nf3 d5 3. c4 e6 4. cxd5 exd5 5. Nc3 Be7 6. Bg5 O-O 7. e3 c6 8. Bd3
Nbd7 9. O-O Re8 10. Qc2 Nf8 11. Bxf6 Bxf6 12. b4 Bg4 13. Nd2 Rc8 14. Rfc1 Qd6
15. Qb3 Be6 16. Qb1 g6 17. a3 Bd7 18. Qc2 Ne6 19. Nf3 Ng7 20. Rab1 Nf5 21. Qd2
Be6 22. Na4 b6 23. Rc2 Bd7 24. Nb2 Qb8 25. Rbc1 Nd6 26. Bf1 Qb7 27. Qd1 b5 28.
Ne1 Bf5 29. Bd3 Be6 30. Be2 Nc4 31. Ra1 Qe7 32. a4 Qxb4 33. Ned3 Qe7 34. Nxc4
dxc4 35. Nc5 Bd5 36. axb5 cxb5 37. Ra5 Bc6 38. Rca2 Rc7 39. Bf3 Bxf3 40. gxf3
Rd8 41. Qb1 Rd5 42. Ne4 Rb7 43. Rxa7 Bg7 44. Ra8+ Rd8 45. Qa1 Rbb8 46. R8a7 Rb7
47. Ra8 Rbb8 48. R8a7 1/2-1/2

[Event "13th 4NCL Congress"]
[Site "Wakefield"]
[Date "2017.04.08"]
[Round "3"]
[Board "18"]
[White "Kennedy, Craig"]
[Black "Johnson, Paul A"]
[Result "1-0"]
[WhiteElo "1844"]
[BlackElo "1871"]
[PlyCount "157"]
[EventDate "2017.04.07"]
[EventRounds "5"]
[EventCountry "ENG"]

1. g3 e5 2. Bg2 d5 3. d3 Nf6 4. a3 c5 5. Nf3 Nc6 6. O-O Be7 7. Nbd2 O-O 8. c3
h6 9. b4 e4 10. Ne1 Bf5 11. b5 Ne5 12. dxe4 dxe4 13. Qa4 a6 14. Nc2 axb5 15.
Qxb5 Qc7 16. Ne3 Bg6 17. Ndc4 Nxc4 18. Nxc4 Nd5 19. Bd2 Bf6 20. Rfc1 Rfd8 21.
Ne3 Nxe3 22. Bxe3 b6 23. a4 Be5 24. Qc4 Qc6 25. f4 Bf6 26. Bh3 Ra7 27. f5 Bh7
28. g4 Rda8 29. Bg2 Rxa4 30. Rxa4 Rxa4 31. Qb3 b5 32. Rd1 Ra8 33. Qd5 Qxd5 34.
Rxd5 Bxc3 35. Bxe4 b4 36. Rxc5 Rd8 37. Bd5 g5 38. Bb3 Kg7 39. Rc7 Bg8 40. Rb7
Kf6 41. Kg2 Re8 42. Kf3 Re5 43. Rb6+ Kg7 44. Rb7 h5 45. h3 hxg4+ 46. hxg4 Ra5
47. Ke4 Ra3 48. Bc4 Bf6 49. Rxb4 Ra1 50. Rb6 Rh1 51. Bd5 Rh4 52. Kf3 Rh1 53.
Bf2 Rf1 54. Rb7 Bd4 55. e3 Bc5 56. Ke2 Ra1 57. e4 Bxf2 58. Kxf2 Kf6 59. Rb8 Bh7
60. Rf8 Ra7 61. Ke3 Kg7 62. Re8 f6 63. Kd4 Rd7 64. Kc5 Rc7+ 65. Kb6 Rd7 66. Be6
Rd2 67. Re7+ Kh6 68. Rf7 Rg2 69. Rxf6+ Kg7 70. Rf7+ Kh6 71. Kc6 Rxg4 72. Kd5
Bg8 73. Rf6+ Kh7 74. Bxg8+ Kxg8 75. e5 Rg1 76. Rg6+ Kf8 77. Ke6 g4 78. Kf6 g3
79. e6 1-0

[Event "13th 4NCL Congress"]
[Site "Wakefield"]
[Date "2017.04.09"]
[Round "4"]
[Board "1"]
[White "Willow, Jonah B"]
[Black "Sowray, Peter J"]
[Result "0-1"]
[WhiteElo "1993"]
[BlackElo "2305"]
[PlyCount "84"]
[EventDate "2017.04.07"]
[EventRounds "5"]
[EventCountry "ENG"]

1. e4 c5 2. Nf3 e6 3. d4 cxd4 4. Nxd4 a6 5. Nc3 Qc7 6. g3 Bb4 7. Nde2 Nf6 8.
Bg2 d6 9. O-O Bc5 10. a3 Nbd7 11. Nf4 O-O 12. g4 Ne5 13. g5 Nfd7 14. Qh5 b5 15.
Kh1 Bb7 16. Nfe2 f5 17. Nf4 Rae8 18. exf5 Bxg2+ 19. Nxg2 exf5 20. Be3 Nb6 21.
Rad1 Qc6 22. Ne2 Nbc4 23. Nd4 Qa8 24. b3 Nxe3 25. fxe3 g6 26. Qe2 Ng4 27. Rf3
Re4 28. h3 Nxe3 29. Rxe3 Rxd4 30. Rxd4 Bxd4 31. Re7 Be5 32. Qf2 Qe4 33. Qh4
Qxh4 34. Nxh4 Rc8 35. Ra7 Rxc2 36. Ra8+ Kf7 37. Ra7+ Ke6 38. Nf3 Rf2 39. Nxe5
Kxe5 40. Rxh7 Kf4 41. Rc7 Kg3 42. Kg1 f4 0-1